Crisis económica (Registro nro. 137469)

Detalles MARC
000 -LEADER
campo de control de longitud fija 00645nam a2200205 4500
001 - NÚMERO DE CONTROL
campo de control 137469
003 - IDENTIFICADOR DE NÚMERO DE CONTROL
campo de control ES-MaACL
005 - FECHA Y HORA DE LA ÚLTIMA TRANSACCIÓN
campo de control 20230906195359.0
007 - CAMPO FIJO DE DESCRIPCIÓN FÍSICA--INFORMACIÓN GENERAL
campo de control de longitud fija t|
008 - DATOS DE LONGITUD FIJA--INFORMACIÓN GENERAL
campo de control de longitud fija 070214s1981 sp r ||||1| spa d
100 1# - ENTRADA PRINCIPAL--NOMBRE DE PERSONA
Nombre de persona Sánchez Ayuso, Manuel.
9 (RLIN) 102475
245 10 - MENCIÓN DEL TÍTULO
Título Crisis económica
Resto del título : hechos, políticas e ideas /
Mención de responsabilidad, etc. Manuel Sánchez Ayuso, Isidro Antuñano Maruri.
260 ## - PUBLICACIÓN, DISTRIBUCIÓN, ETC.
Lugar de publicación, distribución, etc. Madrid :
Nombre del editor, distribuidor, etc. Pirámide,
Fecha de publicación, distribución, etc. 1981.
300 ## - DESCRIPCIÓN FÍSICA
Extensión 142 p. ;
Dimensiones 21 cm.
490 1# - MENCIÓN DE SERIE
Mención de serie Escuela de Salamanca
700 1# - ENTRADA AGREGADA--NOMBRE PERSONAL
Nombre de persona Antuñano Maruri, Isidro.
9 (RLIN) 22008
830 0# - PUNTO DE ACCESO ADICIONAL DE SERIE-TÍTULO UNIFORME
Título uniforme Escuela de Salamanca
9 (RLIN) 185614
852 ## - LOCALIZACIÓN
Ubicación ES-MaACL
Número de control de estantería L-1659
Sublocalización o colección R.102194
Existencias
Estatus retirado Estado de pérdida Estado de daño No para préstamo Biblioteca de origen Biblioteca actual Ubicación en estantería Fecha de adquisición Fuente de adquisición Total de préstamos Signatura topográfica completa Código de barras Visto por última vez Precio de reemplazo Tipo de ítem Koha
        Biblioteca del Ateneo de Madrid Biblioteca del Ateneo de Madrid Depósito 2 17/01/2008     L-1659 1143057 23/02/2023 23/02/2023 Libro impreso